[Event "Ghent op 43rd"]
[Site "Ghent"]
[Date "2022.07.21"]
[Round "3"]
[White "McMichael, Richard"]
[Black "De Haas, Wouter"]
[Result "1-0"]
[WhiteElo "2139"]
[BlackElo "2060"]
[PlyCount "53"]
[EventDate "2022.07.20"]
[EventType "swiss"]
[EventRounds "9"]
[EventCountry "BEL"]
[SourceTitle "CBM 209 Extra"]
[Source "ChessBase"]
[SourceDate "2022.09.30"]
[SourceVersion "1"]
[SourceVersionDate "2022.09.30"]
[SourceQuality "1"]

1. b3 e5 2. Bb2 Nc6 3. e3 f5 4. c4 Nf6 5. Nf3 d6 6. d4 e4 7. d5 exf3 8. dxc6 fxg2 9. Bxg2 b5 10. cxb5 d5 11. Nc3 Be6 12. 0-0 Bd6 13. h3 Qe7 14. Ne2 g5 15. Nd4 g4 16. Nxe6 Qxe6 17. Kh1 gxh3 18. Bf3 Rg8 19. Qd4 Ng4 20. Bxd5 Qg6 21. Bxg8 Ne5 22. Rg1 Qh5 23. Bd5 Ng4 24. Qh8+ Ke7 25. Qg7+ Ke8 26. Qd7+ Kf8 27. Bg7# 1-0

[Event "Ghent Eastman op 40th"]
[Site "Ghent"]
[Date "2017.07.16"]
[Round "3"]
[White "De Haas, Wouter"]
[Black "Froeyman, Helmut"]
[Result "0-1"]
[WhiteElo "2032"]
[BlackElo "2264"]
[PlyCount "76"]
[EventDate "2017.07.15"]
[EventType "swiss"]
[EventRounds "9"]
[EventCountry "BEL"]
[SourceTitle "CBM 179 Extra"]
[Source "ChessBase"]
[SourceDate "2017.08.23"]
[SourceVersion "1"]
[SourceVersionDate "2017.08.23"]
[SourceQuality "1"]

1. e4 e5 2. Nf3 Nc6 3. Bb5 a6 4. Ba4 Nf6 5. 0-0 Be7 6. Re1 b5 7. Bb3 d6 8. h3 Na5 9. c3 Nxb3 10. axb3 Bb7 11. d3 0-0 12. Nbd2 Re8 13. b4 h6 14. Nb3 Rb8 15. Qc2 Bf8 16. Be3 Qd7 17. Na5 Ba8 18. Nb3 Bb7 19. Nfd2 d5 20. Bc5 Bd6 21. Nf1 Qe6 22. f3 Nh5 23. Ne3 Nf4 24. Rad1 Rbd8 25. Nf5 Qg6 26. Ne3 Nxh3+ 27. Kf1 Nf4 28. c4 bxc4 29. dxc4 dxe4 30. Na5 Ba8 31. Bxd6 cxd6 32. fxe4 Bxe4 33. Qd2 Re6 34. c5 Rf6 35. Kg1 Nh3+ 36. Kh2 Nf2 37. Nac4 Qh5+ 38. Kg1 Qh1# 0-1